000 00914nam a22002297a 4500
005 20240321114515.0
010 _aB-756375-382 ENG-139869
020 _a9789355735928 Vol -1
_c979.00
035 _aB-756375-382
035 _aEN-123395
037 _aParth Booksellers & Distributors
082 _a000
100 _aSharma,B.M
_963748
245 _aJEE (Advanced) Mechanics 1 /
_cBy B.M Sharma
250 _a3rd Edition
260 _aNew Delhi
_bCengage Learning India Pvt. Ltd.
_c2023
270 _aT-303, 3rd Floor DAV Comlex, Plot 3 Mayur Vihar Phase 1
_bNew Delhi
_e110091
300 _aVarious Pages. (Vol-1)
_c27cm(Pbk)
490 _aVol-1
942 _2ddc
_cEN
_h000
_mSHA
999 _c200000
_d200000